[Event "Benidorm op U2300 18th"]
[Site "Benidorm"]
[Date "2019.12.02"]
[Round "4"]
[White "Pascoal, Eduardo A"]
[Black "Garcia Trobat, Francisco"]
[Result "1/2-1/2"]
[WhiteElo "2143"]
[BlackElo "2244"]
[PlyCount "36"]
[EventDate "2019.11.29"]
[EventType "swiss"]
[EventRounds "10"]
[EventCountry "ESP"]
[SourceTitle "EXT 2022"]
[Source "ChessBase"]
[SourceDate "2021.10.06"]
[SourceVersion "1"]
[SourceVersionDate "2021.10.06"]
[SourceQuality "1"]

1. d4 Nf6 2. Bf4 d6 3. e3 Nbd7 4. h3 e5 5. Bh2 Be7 6. Nf3 e4 7. Nfd2 0-0 8. c4 c5 9. d5 b5 10. Nc3 bxc4 11. Ndxe4 Nxe4 12. Nxe4 Nf6 13. Nc3 Rb8 14. Bxc4 Rxb2 15. 0-0 Qa5 16. Qd3 Bd7 17. e4 g6 18. f4 Ba4 1/2-1/2

[Event "Olympiad-41"]
[Site "Tromsoe"]
[Date "2014.08.05"]
[Round "4.1"]
[White "Pascoal, Eduardo A"]
[Black "Lie, Espen"]
[Result "1/2-1/2"]
[WhiteElo "2181"]
[BlackElo "2435"]
[PlyCount "164"]
[EventDate "2014.08.02"]
[EventType "team-swiss"]
[EventRounds "11"]
[EventCountry "NOR"]
[SourceTitle "CBM 162"]
[Source "ChessBase"]
[SourceDate "2014.09.17"]
[SourceVersion "1"]
[SourceVersionDate "2014.09.17"]
[SourceQuality "1"]
[WhiteTeam "Angola"]
[BlackTeam "Norway III"]
[WhiteTeamCountry "ANG"]
[BlackTeamCountry "NOR"]

1. Nf3 Nf6 2. b3 g6 3. g3 Bg7 4. Bb2 c5 5. Bg2 Nc6 6. 0-0 0-0 7. e3 Re8 8. d3 d5 9. Nbd2 e5 10. e4 d4 11. a4 Qc7 12. Nc4 b6 13. Bc1 Rf8 14. Nh4 Ne8 15. f4 f6 16. f5 g5 17. Nf3 Nd6 18. Nfd2 Bd7 19. Nxd6 Qxd6 20. Nc4 Qc7 21. Bd2 Be8 22. Bf3 Bf7 23. Kf2 a6 24. Bh5 b5 25. Bxf7+ Kxf7 26. Qh5+ Kg8 27. Na3 Rab8 28. h4 h6 29. Rh1 Qf7 30. Qxf7+ Kxf7 31. h5 Rfc8 32. g4 Bf8 33. Rhb1 Be7 34. Ke2 Nb4 35. Kd1 Rb7 36. Rb2 Nc6 37. Rba2 Ke8 38. axb5 axb5 39. Be1 Kd7 40. Nb1 Rcb8 41. Nd2 Bd6 42. Ra8 Kc7 43. Rxb8 Kxb8 44. Ra6 Kc7 45. Ra8 Rb8 46. Rxb8 Kxb8 47. Nb1 Kb7 48. Ke2 Ka6 49. Bd2 Bc7 50. Kd1 Ba5 51. Bc1 Bc3 52. Ba3 Kb6 53. Bc1 Bb4 54. Ke2 Nd8 55. Na3 Nf7 56. Bb2 Bc3 57. Bc1 Nd6 58. Nb1 Kc6 59. Na3 Bb4 60. Kd1 Bc3 61. Ke2 Kb6 62. Nb1 Ka5 63. Nd2 Bb4 64. Kd1 Kb6 65. Ke2 Kc6 66. Bb2 Ba5 67. Ba3 Bc3 68. Bc1 Nf7 69. Ba3 Nd8 70. Kd1 Kb6 71. Ke2 Nc6 72. Kd1 Bb4 73. Bc1 Bc3 74. Ba3 Ba5 75. Ke2 Nb4 76. Bxb4 Bxb4 77. Nb1 Ka5 78. Kd1 Kb6 79. Ke2 Kc6 80. Kd1 c4 81. bxc4 bxc4 82. Kc1 c3 1/2-1/2

[Event "Olympiad-41"]
[Site "Tromsoe"]
[Date "2014.08.04"]
[Round "3.1"]
[White "Dias, Paulo Jorge Guimara"]
[Black "Pascoal, Eduardo A"]
[Result "1/2-1/2"]
[WhiteElo "2416"]
[BlackElo "2181"]
[PlyCount "109"]
[EventDate "2014.08.02"]
[EventType "team-swiss"]
[EventRounds "11"]
[EventCountry "NOR"]
[SourceTitle "CBM 162"]
[Source "ChessBase"]
[SourceDate "2014.09.17"]
[SourceVersion "1"]
[SourceVersionDate "2014.09.17"]
[SourceQuality "1"]
[WhiteTeam "Portugal"]
[BlackTeam "Angola"]
[WhiteTeamCountry "POR"]
[BlackTeamCountry "ANG"]

1. d4 Nf6 2. c4 e6 3. Nc3 Bb4 4. e3 b6 5. Nge2 0-0 6. a3 Bxc3+ 7. Nxc3 d5 8. b4 Bb7 9. c5 Nbd7 10. f4 Ne4 11. Nxe4 dxe4 12. Be2 Bd5 13. 0-0 f5 14. Bd2 Rf6 15. Be1 Rh6 16. Bg3 c6 17. a4 a5 18. cxb6 Nxb6 19. bxa5 Nc4 20. Qc1 Nxa5 21. Qc3 Qc7 22. Rab1 Rf6 23. Rb4 Rff8 24. Rfb1 Ra7 25. Be1 Rfa8 26. Qb2 h6 27. Bc3 Kh7 28. h3 Rg8 29. Rb6 Nc4 30. Bxc4 Bxc4 31. Rb7 Rxb7 32. Qxb7 Qxb7 33. Rxb7 Bd5 34. Rb6 g5 35. fxg5 hxg5 36. a5 Ra8 37. Bb4 Kg6 38. Kf2 f4 39. Bd2 f3 40. a6 fxg2 41. Kxg2 Kf5 42. Kg3 Bc4 43. Rxc6 Bxa6 44. Rc5+ Kf6 45. Bc3 Rc8 46. Ba5 Rxc5 47. Bd8+ Kg6 48. dxc5 e5 49. c6 Bc8 50. Be7 Bf5 51. Bd6 Kf6 52. Bb4 Bc8 53. Ba5 Bf5 54. Bd8+ Kg6 55. Ba5 1/2-1/2

[Event "Uige op"]
[Site "Uige"]
[Date "2013.06.30"]
[Round "9"]
[White "Cawdery, Daniel"]
[Black "Pascoal, Eduardo A"]
[Result "1-0"]
[WhiteElo "2345"]
[BlackElo "2215"]
[PlyCount "35"]
[EventDate "2013.06.24"]
[EventType "swiss"]
[EventRounds "9"]
[EventCountry "ANG"]
[SourceTitle "EXT 2014"]
[Source "ChessBase"]
[SourceDate "2013.11.20"]
[SourceVersion "1"]
[SourceVersionDate "2013.11.20"]
[SourceQuality "1"]

1. e4 e6 2. d4 d5 3. Nd2 Nf6 4. e5 Nfd7 5. Bd3 c5 6. c3 Nc6 7. Ne2 a6 8. 0-0 a5 9. Nf3 b6 10. Nf4 Be7 11. Nh5 0-0 12. Qd2 c4 13. Bc2 Kh8 14. Nxg7 Kg8 15. Nh5 f5 16. exf6 Nxf6 17. Nxf6+ Bxf6 18. Bxh7+ 1-0

[Event "Uige op"]
[Site "Uige"]
[Date "2013.06.28"]
[Round "6"]
[White "Domingos, Ediberto"]
[Black "Pascoal, Eduardo A"]
[Result "1/2-1/2"]
[WhiteElo "2195"]
[BlackElo "2215"]
[PlyCount "37"]
[EventDate "2013.06.24"]
[EventType "swiss"]
[EventRounds "9"]
[EventCountry "ANG"]
[SourceTitle "EXT 2014"]
[Source "ChessBase"]
[SourceDate "2013.11.20"]
[SourceVersion "1"]
[SourceVersionDate "2013.11.20"]
[SourceQuality "1"]

1. d4 Nf6 2. Nf3 e6 3. e3 d5 4. c4 Be7 5. Be2 0-0 6. 0-0 c6 7. Nc3 Nbd7 8. a3 a5 9. cxd5 exd5 10. h3 Re8 11. b3 Nf8 12. Ne5 N8d7 13. Nf3 Nf8 14. Ne5 N8d7 15. Nf3 Nf8 16. Ne5 N8d7 17. Nf3 Nf8 18. Ne5 N8d7 19. Nf3 1/2-1/2

[Event "Gaborone zt 4.3"]
[Site "Gaborone"]
[Date "2011.04.08"]
[Round "8"]
[White "Pascoal, Eduardo A"]
[Black "Ranaivoharisoa, Alain"]
[Result "1/2-1/2"]
[WhiteElo "2225"]
[BlackElo "2147"]
[PlyCount "93"]
[EventDate "2011.04.01"]
[EventType "swiss"]
[EventRounds "9"]
[EventCountry "BOT"]
[SourceTitle "EXT 2015"]
[Source "ChessBase"]
[SourceDate "2014.11.20"]
[SourceVersion "1"]
[SourceVersionDate "2014.11.20"]
[SourceQuality "1"]

1. d4 Nf6 2. Nf3 e6 3. e3 d5 4. c4 c6 5. Nc3 Nbd7 6. Be2 Bd6 7. 0-0 0-0 8. Qc2 Qe7 9. e4 Nxe4 10. Nxe4 dxe4 11. Qxe4 e5 12. Bg5 Qe6 13. dxe5 Nxe5 14. Nd4 Qg6 15. Qxg6 hxg6 16. Rad1 Re8 17. h3 Bf8 18. a3 a6 19. Rfe1 c5 20. Nc2 Be6 21. Ne3 Nc6 22. Bf3 Nd4 23. Be4 Ra7 24. Nd5 b5 25. Bd3 Rb7 26. Ne3 Bxh3 27. cxb5 axb5 28. Nc2 Rxe1+ 29. Rxe1 Nxc2 30. Bxc2 Bf5 31. Bd1 f6 32. Bf3 Re7 33. Bd5+ Kh7 34. Be3 g5 35. Rc1 Rc7 36. f3 Bd6 37. g4 Bd3 38. Kg2 c4 39. Be4+ Bxe4 40. fxe4 Be5 41. Rc2 Rd7 42. a4 Rd3 43. Kf2 bxa4 44. Rxc4 Rb3 45. Rxa4 Rxb2+ 46. Kf3 Rh2 47. Bf2 1/2-1/2

[Event "Gaborone zt 4.3"]
[Site "Gaborone"]
[Date "2011.04.05"]
[Round "5"]
[White "Pascoal, Eduardo A"]
[Black "Paiva, Donaldo"]
[Result "1-0"]
[WhiteElo "2225"]
[BlackElo "2156"]
[PlyCount "135"]
[EventDate "2011.04.01"]
[EventType "swiss"]
[EventRounds "9"]
[EventCountry "BOT"]
[SourceTitle "EXT 2015"]
[Source "ChessBase"]
[SourceDate "2014.11.20"]
[SourceVersion "1"]
[SourceVersionDate "2014.11.20"]
[SourceQuality "1"]

1. d4 Nf6 2. Nf3 g6 3. c4 Bg7 4. Nc3 0-0 5. e4 d6 6. Be2 e5 7. 0-0 Nc6 8. d5 Ne7 9. Ne1 Nd7 10. Be3 f5 11. f3 f4 12. Bf2 g5 13. Nd3 Nf6 14. a4 Ng6 15. a5 h5 16. c5 g4 17. Kh1 g3 18. hxg3 fxg3 19. Bxg3 h4 20. Bh2 Nh5 21. Kg1 Ng3 22. Rf2 Bh6 23. f4 Nxf4 24. Nxf4 Bxf4 25. Qd3 Qg5 26. Nd1 Rf7 27. Bf3 Rh7 28. cxd6 cxd6 29. Ra3 h3 30. Rc3 hxg2 31. Bxg3 Bxg3 32. Rxg2 Bh3 33. Bg4 Bxg2 34. Qxg3 Rg7 35. Nf2 Rf8 36. Qxg2 Rxf2 37. Be6+ Rff7 38. Bxf7+ Kxf7 39. Rc7+ Kf6 40. Qxg5+ Rxg5+ 41. Kf2 Rh5 42. Rxb7 Kg5 43. Kg3 Rh1 44. Rg7+ Kf6 45. Rxa7 Rb1 46. Rb7 Kg5 47. Kf3 Rf1+ 48. Ke3 Re1+ 49. Kd3 Rd1+ 50. Kc2 Ra1 51. b4 Kf4 52. Rb6 Kxe4 53. Rxd6 Kd4 54. Kb2 Rh1 55. a6 Kc4 56. a7 Rh2+ 57. Ka3 Rh1 58. Rc6+ Kxd5 59. Kb2 Rh8 60. b5 e4 61. Rc2 e3 62. b6 e2 63. b7 e1Q 64. a8Q Qe5+ 65. Ka2 Ke6 66. Qc8+ Ke7 67. Rc7+ Kf6 68. Qxh8+ 1-0

[Event "Gaborone zt 4.3"]
[Site "Gaborone"]
[Date "2011.04.03"]
[Round "3"]
[White "Pascoal, Eduardo A"]
[Black "Oatlhotse, Providence"]
[Result "1/2-1/2"]
[WhiteElo "2225"]
[BlackElo "2262"]
[PlyCount "57"]
[EventDate "2011.04.01"]
[EventType "swiss"]
[EventRounds "9"]
[EventCountry "BOT"]
[SourceTitle "EXT 2015"]
[Source "ChessBase"]
[SourceDate "2014.11.20"]
[SourceVersion "1"]
[SourceVersionDate "2014.11.20"]
[SourceQuality "1"]

1. d4 Nf6 2. Nf3 c5 3. e3 d5 4. c4 cxd4 5. exd4 Nc6 6. Nc3 e6 7. Bg5 Be7 8. Be2 0-0 9. 0-0 dxc4 10. Bxc4 Bd7 11. Qe2 Qa5 12. Rfd1 Rae8 13. Ne5 Nb8 14. a3 Bc8 15. b4 Qd8 16. Bxf6 Bxf6 17. Ne4 Be7 18. Bb5 Bd7 19. Nxd7 Nxd7 20. Nc5 Bxc5 21. dxc5 Re7 22. Rd6 Qc7 23. Rad1 Nf6 24. Bc4 Ne8 25. R6d2 Nf6 26. h3 h6 27. Ba2 e5 28. Rd6 Rfe8 29. R1d2 1/2-1/2

[Event "Africa-ch"]
[Site "Windhoek"]
[Date "2007.09.07"]
[Round "7"]
[White "Simutowe, Amon"]
[Black "Pascoal, Eduardo A"]
[Result "1/2-1/2"]
[WhiteElo "2421"]
[BlackElo "2086"]
[PlyCount "83"]
[EventDate "2007.09.01"]
[EventType "swiss"]
[EventRounds "9"]
[EventCountry "NAM"]
[SourceTitle "CBM 120 Extra"]
[Source "ChessBase"]
[SourceDate "2007.11.01"]
[SourceVersion "1"]
[SourceVersionDate "2007.11.01"]
[SourceQuality "1"]

1. c4 Nf6 2. Nc3 e6 3. Nf3 Bb4 4. Qc2 0-0 5. a3 Bxc3 6. Qxc3 d6 7. g3 b6 8. Bg2 Bb7 9. d3 a5 10. b3 Nbd7 11. 0-0 e5 12. Bb2 Nc5 13. e4 Ne6 14. Bh3 Bc8 15. Bxe6 Bxe6 16. d4 Nxe4 17. Qe3 Nf6 18. dxe5 Ng4 19. Qe4 dxe5 20. Nxe5 Nxe5 21. Bxe5 Re8 22. Rfe1 f6 23. Rad1 Qe7 24. Bb2 Rad8 25. Rc1 Qd7 26. h4 Bf7 27. Qf3 Rxe1+ 28. Rxe1 a4 29. bxa4 Bxc4 30. Kh2 Bd5 31. Qf4 Bc6 32. Qc4+ Qd5 33. Rc1 Qxc4 34. Rxc4 Bf3 35. g4 Rd2 36. Bc3 Rxf2+ 37. Kg3 Bd5 38. Rxc7 Rf3+ 39. Kh2 Rf2+ 40. Kh3 Rf3+ 41. Kh2 Rf2+ 42. Kg3 1/2-1/2

[Event "Africa-ch"]
[Site "Windhoek"]
[Date "2007.09.03"]
[Round "3"]
[White "Mandizha, Farai"]
[Black "Pascoal, Eduardo A"]
[Result "1-0"]
[WhiteElo "2366"]
[BlackElo "2086"]
[PlyCount "77"]
[EventDate "2007.09.01"]
[EventType "swiss"]
[EventRounds "9"]
[EventCountry "NAM"]
[SourceTitle "CBM 120 Extra"]
[Source "ChessBase"]
[SourceDate "2007.11.01"]
[SourceVersion "1"]
[SourceVersionDate "2007.11.01"]
[SourceQuality "1"]

1. d4 Nf6 2. Nf3 e6 3. c4 d5 4. Nc3 Be7 5. Bg5 0-0 6. e3 b6 7. cxd5 exd5 8. Bd3 Bb7 9. Bxf6 Bxf6 10. b4 c6 11. 0-0 Qe7 12. Rb1 Rd8 13. Re1 g6 14. Qb3 Bg7 15. e4 Qd7 16. exd5 cxd5 17. b5 Qd6 18. Re2 Nd7 19. Rbe1 Bf8 20. Bc2 Rac8 21. Re3 Nf6 22. Ne5 Qb4 23. Rd1 Qxb3 24. Bxb3 Bb4 25. Ne2 Kg7 26. g4 Rc7 27. f3 Nd7 28. Nd3 Bd6 29. Ndf4 Bxf4 30. Nxf4 Nf8 31. Rde1 Kf6 32. Re5 Rcd7 33. h4 Kg7 34. Kf2 h6 35. Re7 Kf6 36. R7e5 Ne6 37. Nxe6 fxe6 38. Rxe6+ Kf7 39. Kg3 1-0

[Event "Olympiad-36"]
[Site "Mallorca"]
[Date "2004.10.22"]
[Round "7"]
[White "Pascoal, Eduardo A"]
[Black "Khatanbaatar, Bazar"]
[Result "0-1"]
[WhiteElo "2068"]
[BlackElo "2427"]
[PlyCount "114"]
[EventDate "2004.10.15"]
[EventType "team-swiss"]
[EventRounds "14"]
[EventCountry "ESP"]
[SourceTitle "CBM 104"]
[Source "ChessBase"]
[SourceDate "2005.01.27"]
[SourceVersion "1"]
[SourceVersionDate "2005.01.27"]
[SourceQuality "1"]
[WhiteTeam "Angola"]
[BlackTeam "Mongolia"]
[WhiteTeamCountry "ANG"]
[BlackTeamCountry "MGL"]

1. d4 Nf6 2. c4 e6 3. Nc3 Bb4 4. Qc2 0-0 5. a3 Bxc3+ 6. Qxc3 b6 7. Bg5 Ba6 8. e3 d6 9. Bd3 Nbd7 10. b4 c5 11. dxc5 bxc5 12. b5 Bb7 13. f3 a6 14. Ne2 Ne5 15. 0-0 axb5 16. cxb5 h6 17. Bh4 Qa5 18. Bxf6 gxf6 19. Rfd1 Qxc3 20. Nxc3 Ra5 21. a4 d5 22. Be2 Rfa8 23. Rac1 f5 24. Rd2 Kf8 25. Kf2 Ke7 26. f4 Nd7 27. Bd1 Rg8 28. g3 h5 29. h4 Rh8 30. Bb3 Nf6 31. Bd1 Rd8 32. Bf3 Rd7 33. Nd1 Rc7 34. Rdc2 Kd6 35. Nb2 Ne4+ 36. Bxe4 fxe4 37. Rd2 Ke7 38. Rdc2 c4 39. Ke2 Rc8 40. Kd2 Kd6 41. Kc3 Kc5 42. Rd2 Rg8 43. Rg1 f6 44. Rf2 Bc8 45. Rd2 e5 46. fxe5 fxe5 47. Rgd1 Bb7 48. Rg1 Rg7 49. g4 hxg4 50. h5 Ra8 51. h6 Rg6 52. h7 Rh8 53. Rh2 g3 54. Rh3 Rg7 55. Rgxg3 Rhxh7 56. Rxh7 Rxh7 57. Rg5 Rh3 0-1